Effectif du Castres olympique - Saison 2024-2025 - Statistiques

Statistiques générales
  • Ce quiz a été pris 120 fois
  • Le résultat moyen est 23 sur 44
Statistiques - réponses
Postes Joueurs Nationalité Points % Correct
demi d'ouverture Louis Le Brun France 24
90%
demi de mêlée Santiago Arata Uruguay -
87%
Talonneur Gaëtan Barlot France -
86%
arrière Julien Dumora France -
83%
demi de mêlée Jeremy Fernandez France 33
79%
3ème ligne Matthieu Babillot France -
79%
pilier Levan Chilachava Géorgie -
76%
centre Jack Goodhue Nouvelle-zélande -
73%
ailier Christian Ambadiang Cameroun 5
72%
2ème ligne Leone Nakarawa Fidji 5
72%
demi d'ouverture Pierre Popelin France 7
71%
ailier Remy Baget France 5
71%
centre Vilimoni Botitu Fidji -
69%
3ème ligne Baptiste Delaporte France -
65%
ailier Geoffrey Palis France 5
64%
centre Adrea Cocagi Fidji -
63%
3ème ligne Abraham Papali'i Nouvelle-zélande 10
62%
pilier Antoine Tichit France -
60%
2ème ligne Tom Staniforth Australie -
60%
centre Adrien Séguret France 10
59%
ailier Nathanaël Hulleu France -
59%
Talonneur Loris Zarantonello France -
54%
3ème ligne Tyler Ardron Canada 5
53%
pilier Will Collier Angleterre -
53%
2ème ligne Florent Vanverberghe France -
51%
ailier Théo Chabouni France -
51%
pilier Quentin Walcker France -
50%
2ème ligne Gauthier Maravat France -
49%
2ème ligne Guillaume Ducat France -
49%
demi de mêlée Gauthier Doubrère France -
47%
3ème ligne Baptiste Cope France -
45%
ailier Josaia Raisuqe Fidji -
42%
Talonneur Pierre Colonna France -
40%
pilier Aurélien Azar France -
33%
centre Joris Dupont France -
31%
pilier Nicolas Corato France -
31%
2ème ligne Paul Jedrasiak France -
29%
ailier Antoine Zeghdar France -
27%
3ème ligne Feybian Tukino France -
23%
pilier Lois Guerois-Galisson France 10
22%
2ème ligne Romain Macurdy France -
18%
3ème ligne Yann Peysson France -
18%
pilier Wayan de Benedittis France -
13%
ailier Oséa Waqaninavatu FIdji -
8%
Aucun quiz correspondant
Distribution des résultats
% des personnes avec chaque résultat
Percentile par nombre de réponses
Votre historique - résultats
Vous n’avez pas pris ce quiz